BUBT Library Online Catalog

A Textbook of Accounting for Management / (Record no. 7244)

000 -LEADER
fixed length control field 00888nam a22002537a 4500
003 - CONTROL NUMBER IDENTIFIER
control field BUBTL
008 - FIXED-LENGTH DATA ELEMENTS--GENERAL INFORMATION
fixed length control field 240306b ||||| |||| 00| 0 eng d
020 ## - INTERNATIONAL STANDARD BOOK NUMBER
International Standard Book Number 9789354535383
041 ## - LANGUAGE CODE
Language code of text/sound track or separate title eng
082 ## - DEWEY DECIMAL CLASSIFICATION NUMBER
Classification number 657/ M2779t/ 2022
100 ## - MAIN ENTRY--PERSONAL NAME
9 (RLIN) 5715
Personal name Maheshwari, S. N.
245 ## - TITLE STATEMENT
Title A Textbook of Accounting for Management /
Statement of responsibility, etc. S N Maheshwari, Suneel K Maheshwari, Sharad K Maheshwari
250 ## - EDITION STATEMENT
Edition statement 5th ed
260 ## - PUBLICATION, DISTRIBUTION, ETC. (IMPRINT)
Place of publication, distribution, etc. India:
Name of publisher, distributor, etc. Vikas Publishing House Private Limited,
Date of publication, distribution, etc. c2022
300 ## - PHYSICAL DESCRIPTION
Extent xiii, 1000 p. :
Dimensions 24 cm.
500 ## - GENERAL NOTE
General note Includes Index
505 ## - FORMATTED CONTENTS NOTE
Formatted contents note A Textbook of Accounting for Management, Accounting Fundamentals, Cost and Management Accounting, Financial Analysis
650 #0 - SUBJECT ADDED ENTRY--TOPICAL TERM
9 (RLIN) 5
Topical term or geographic name as entry element Accounting
700 ## - ADDED ENTRY--PERSONAL NAME
9 (RLIN) 5716
Personal name Maheshwari, Suneel K
700 ## - ADDED ENTRY--PERSONAL NAME
9 (RLIN) 5717
Personal name Maheshwari, Sharad K
856 ## - ELECTRONIC LOCATION AND ACCESS
Password 0
Logon 0
Link text Download
942 ## - ADDED ENTRY ELEMENTS (KOHA)
Source of classification or shelving scheme
Koha item type Books
Holdings
Withdrawn status Lost status Source of classification or shelving scheme Damaged status Not for loan Collection code Permanent location Current location Shelving location Date acquired Source of acquisition Inventory number Total Checkouts Full call number Barcode Date last seen Copy number Price effective from Koha item type
        Not For Loan Non-fiction Bangladesh University of Business and Technology Library Bangladesh University of Business and Technology Library Accounting Stacks 01/24/2024 Purchase 29902   657/ M2779t/ 2022 BUBTL-200329902 03/06/2024 C-1 03/06/2024 Books
        Not For Loan Non-fiction Bangladesh University of Business and Technology Library Bangladesh University of Business and Technology Library Accounting Stacks 01/24/2024 Purchase 29903   657/ M2779t/ 2022 BUBTL-200329903 03/06/2024 C-2 03/06/2024 Books

More Information About Library

Library Hours

  • Open: 9.00 am. to 9.00 pm.
  • Only Sunday: 9.00 am. to 6.00 pm.
  • Closed: Holiday

Contact to the University

Bangladesh University of Business and Technology Library

  • Mirpurl-2, 1216.
  • Phone:
  • Fax:
  • E-Mail: admin.library@bubt.edu.bd

Contact to the Library

Contact Person:

Md. Abdul Hakim Shah
Joint Librarian
PABX No:  113
Cell No: 01816332931
E-mail: official: admin.library@bubt.edu.bd
Personal: hakim.shah@bubt.edu.bd


BUBT Library

Copyright © 2021